Numbers & Letters Together at Last Quiz Stats

 Plays Quiz Updated Aug 28, 2014

Support Sporcle.
Go Orange.
Score 0/20 Timer 03:00
0 Plays Today
% Correct
AK-47
95%
U2
90.3%
Y2K
89.3%
B₁₂
86.3%
B-52
86.1%
401(k)
82.3%
V8
81.1%
K2
81%
MI6
79.9%
G8
78.8%
% Correct
C-4
78.4%
QE2
69.4%
A380
68.6%
4-H
66.6%
A7
65.4%
PS 321
65.3%
1040EZ
63.9%
LMW 281F
63.8%
THX 1138
50.8%
10-K
43.7%

You're not logged in!

Compare scores with friends on all Sporcle quizzes.
OR
Log In

From the Vault

Colorful Bands Picture Click

by Tom_the_Terrible

Color these bands, just don't 'Color Me Badd'.
Remove Ads.
Support Sporcle.
Get the best of Sporcle when you Go Orange. This ad-free experience offers more features, more stats, and more fun while also helping to support Sporcle. Thank you for becoming a member.

Show Comments

Extras

Top Quizzes Today


Score Distribution

Your Account Isn't Verified!

In order to create a playlist on Sporcle, you need to verify the email address you used during registration. Go to your Sporcle Settings to finish the process.

Report this User

Report this user for behavior that violates our Community Guidelines.

Details: